DH Magazine

Detalles Bibliográficos
Formato: eBook
Lenguaje:español
Publicado: [s.l.] : Comisin̤ de Derechos Humanos del Estado de Mx̌ico (CODHEM), 2012 -
Materias:
Acceso en línea:Acceso restringido

MARC

LEADER 00000nam a22000007a 4500
005 20120918151954.0
007 cr|||| ||||
008 120918c20129999mx |||| s|||| 0||| 1spa d
035 |a 6632 
040 |a vLex 
090 |c 3432  |d 3432 
245 0 0 |a DH Magazine  |h [Recurso electrn̤ico] 
256 |a Servicio en ln̕ea 
260 |a [s.l.] :  |b Comisin̤ de Derechos Humanos del Estado de Mx̌ico (CODHEM),  |c 2012 - 
300 |a 1 recurso electrn̤ico 
310 |a Irregular 
506 1 |a Contenido disponible en los productos indicados  |d vLex Global   |d vLex Global (Academic Edition, excluding Law Schools)   |d vLex Global (U.S. Academic Edition, Law Schools)   |d vLex Global (U.S. Academic Edition, excluding Law Schools)   |d vLex Global (Academic Edition, Law Schools)  
650 0 4 |a Derechos humanos  |z Mx̌ico 
740 0 |a vLex Revistas (Servicio en ln̕ea) 
856 4 0 |u http://vlex.com/source/dh-magazine-6632  |z Acceso restringido 
942 |c REV 
999 0 |a Human rights